| 000 | 00954nam a2200253 a 4500 | ||
|---|---|---|---|
| 001 | BRCA_7534 | ||
| 005 | 20190320205857.0 | ||
| 008 | 240513s1940----nyua######---#000-0#eng-# | ||
| 041 | _aeng | ||
| 044 | _anyu | ||
| 050 | 4 |
_aNE57 _b.E54 1940 |
|
| 245 | 1 | 0 |
_aEngravings, woodcuts and etchings _bmasterpieces by Schongauer, Durer, Van Dyck, Rembrandt, Meryon, Zorn, the entire print collection of the late Clendenin J. Ryan, New York, by order of the executors of this estate public sale January 17 and 18. |
| 260 |
_aNueva York _bParke-Bernet Galleries _c1940 |
||
| 300 |
_a98 p. _bil., láminas _c28 cm. |
||
| 500 | _aCatálogo 163 de enero 17, 18 de 1940 | ||
| 500 | _aS2 | ||
| 650 | 1 | 4 |
_aGrabados _xColeccionistas y colecciones _97355 |
| 650 | 1 | 4 |
_aColeccionistas y colecciones _918577 |
| 650 | 1 | 4 |
_aSubastas _97837 |
| 700 | 1 |
_aRyan, Clendenin J. _918578 |
|
| 710 | 2 |
_aParke-Bernet Galleries (Nueva York) _910391 |
|
| 902 | _aGFM | ||
| 942 |
_2lcc _cB |
||
| 999 |
_c7208 _d7208 |
||